000 00283nam a22001337a 4500
008 171012b xxu||||| |||| 00| 0 eng d
020 _a9780673995926
041 _aeng
080 _23RD
_a316
100 _a50
101 _aSOC
245 _aMESSAGES
_cDEVITO,J.A
942 _2udc
_cBK
999 _c33378
_d33378